Abdul Karim commemoration volume / (Record no. 25362)

MARC details
000 -LEADER
fixed length control field 01138cam a2200349 a 4500
001 - CONTROL NUMBER
control field 15509466
003 - CONTROL NUMBER IDENTIFIER
control field BDDh-ASL
005 - DATE AND TIME OF LATEST TRANSACTION
control field 20231015030500.0
008 - FIXED-LENGTH DATA ELEMENTS--GENERAL INFORMATION
fixed length control field 081104s2008 bg a b 011 0 eng
010 ## - LIBRARY OF CONGRESS CONTROL NUMBER
LC control number 2008319665
020 ## - INTERNATIONAL STANDARD BOOK NUMBER
International Standard Book Number 9847016900334
025 ## - OVERSEAS ACQUISITION NUMBER
Overseas acquisition number B-E-2008-319665; 21
037 ## - SOURCE OF ACQUISITION
Source of stock number/acquisition Library of Congress -- New Delhi Overseas Office
Terms of availability TK500.00 ($08.00 U.S.)
040 ## - CATALOGING SOURCE
Original cataloging agency DLC
Transcribing agency DLC
Modifying agency DLC
-- BDDh-ASL
041 0# - LANGUAGE CODE
Language code of text/sound track or separate title eng
-- ben
042 ## - AUTHENTICATION CODE
Authentication code lcode
043 ## - GEOGRAPHIC AREA CODE
Geographic area code a-ii---
050 00 - LIBRARY OF CONGRESS CALL NUMBER
Classification number DS485.B46
Item number A25 2008
082 ## - DEWEY DECIMAL CLASSIFICATION NUMBER
Classification number 928
Item number ABD
245 00 - TITLE STATEMENT
Title Abdul Karim commemoration volume /
Statement of responsibility, etc. editor Shamsul Hossain.
260 ## - PUBLICATION, DISTRIBUTION, ETC.
Place of publication, distribution, etc. Dhaka :
Name of publisher, distributor, etc. Adorn Publication,
Date of publication, distribution, etc. 2008.
300 ## - PHYSICAL DESCRIPTION
Extent xiv, 248 p. :
Other physical details ill. ;
Dimensions 22 cm.
504 ## - BIBLIOGRAPHY, ETC. NOTE
Bibliography, etc. note Includes bibliographical references and index.
520 ## - SUMMARY, ETC.
Summary, etc. Contributed articles predominantly on historical related topics of Bengal.
546 ## - LANGUAGE NOTE
Language note English and Bengali.
651 #0 - SUBJECT ADDED ENTRY--GEOGRAPHIC NAME
Geographic name Bengal (India)
General subdivision History.
700 1# - ADDED ENTRY--PERSONAL NAME
Personal name Karim, Abdul,
Dates associated with a name 1928-2007.
700 1# - ADDED ENTRY--PERSONAL NAME
Personal name Hossain, Shamsul.
906 ## - LOCAL DATA ELEMENT F, LDF (RLIN)
a 7
b cbc
c origode
d 3
e ncip
f 20
g y-gencatlg
942 ## - ADDED ENTRY ELEMENTS (KOHA)
Source of classification or shelving scheme Dewey Decimal Classification
Koha item type Books
Holdings
Withdrawn status Lost status Source of classification or shelving scheme Damaged status Not for loan Collection code Home library Current library Shelving location Date acquired Source of acquisition Total Checkouts Full call number Barcode Date last seen Copy number Price effective from Koha item type
    Dewey Decimal Classification     Non-fiction Asiatic Society Library Asiatic Society Library Sirajul Islam Collection 07/14/2021 Donated by Professor Sirajul Islam, FRHS   928 ABD 110119 07/14/2021 C-1 07/14/2021 Books

Powered by Koha